00524nam a22001697a 450000500170000001000150001702000270003203500130005903700130007208200140008524500410009926000550014027000720019530000210026750000510028870000150033920240226123252.0 aENG-116345 a9789385495130c1495.00 aEN-99877 bDBAD/PUB04a3613.704604aHealth & Yoga/cEdited by Indu Singh aNew DelhibFalguni Publishers & Distributorsc2016 a204, IInd Floor Dirga Comlex CSC, Mayur Vihar-IIbNew Delhie110092 a264p. c21cm(Hb) aIncludes bibliographical references and index dIndu Singh